| 000 -LEADER |
| fixed length control field |
01489pab a2200193 454500 |
| 008 - FIXED-LENGTH DATA ELEMENTS--GENERAL INFORMATION |
| fixed length control field |
180718b2010 xxu||||| |||| 00| 0 eng d |
| 100 ## - MAIN ENTRY--PERSONAL NAME |
| Personal name |
Yasmeen, Haider |
| 245 ## - TITLE STATEMENT |
| Title |
Role stress: A career stage comparison |
| 260 ## - PUBLICATION, DISTRIBUTION, ETC. |
| Date of publication, distribution, etc. |
2010 |
| 300 ## - PHYSICAL DESCRIPTION |
| Extent |
p.357-370. |
| 362 ## - DATES OF PUBLICATION AND/OR SEQUENTIAL DESIGNATION |
| Dates of publication and/or sequential designation |
Jun |
| 520 ## - SUMMARY, ETC. |
| Summary, etc. |
Based on the premise that the individual's perception of the work roles differs across career stages, several studies have shown that role stress also differs. The main purpose of this study is to investigate if moderating variables like motivation, locus of control, and self-efficacy would also impact stress-outcome relationships differently across career stages. Multiple moderator regression analysis was used to analyze the data collected from respondents belonging to the Indian Administrative Service (IAS), Tamil Nadu Cadre. The findings of the study indicated a significant difference in the moderating role of the personality variables across career stages. The main implication is that organizations may have to design specific stress intervention programs based on the nature of role stressors experienced in each of the career stages. An effort to strengthen personality variables that act as positive moderators must also be made an integral part of the stress intervention programs. - Reproduced. |
| 650 ## - SUBJECT ADDED ENTRY--TOPICAL TERM |
| Topical term or geographic name entry element |
Motivation |
| 650 ## - SUBJECT ADDED ENTRY--TOPICAL TERM |
| Topical term or geographic name entry element |
Occupational diseases |
| 700 ## - ADDED ENTRY--PERSONAL NAME |
| Personal name |
Supriya, M.V. |
| 773 ## - HOST ITEM ENTRY |
| Main entry heading |
International Journal of Public Administration |
| 908 ## - PUT COMMAND PARAMETER (RLIN) |
| Put command parameter |
N |
| 909 ## - |
| -- |
87244 |